Poznámka k určení ekonomického efektu počtu členů v domácnosti na její hospodaření.

Analýza kvantifikácie vplyvu počtu členov domácnosti a jej štruktúry na ekonomiku jej hospodárenia. Porovnanie niekoľkých alternatívnych matematických modelov. Voľba optimálneho modelu a jeho podrobný opis.

Gespeichert in:
Bibliographische Detailangaben
1. Verfasser: Moravová, J.
Format: Buchkapitel
Sprache:Tschechisch
Schlagworte:
Tags: Tag hinzufügen
Keine Tags, Fügen Sie das erste Tag hinzu!

MARC

LEADER 00000naa a2200000 4500
001 r002750
005 20230113115918.5
041 0 |a cze 
044 |a [CS] 
245 1 0 |a Poznámka k určení ekonomického efektu počtu členů v domácnosti na její hospodaření.  |c J. Moravová 
520 |a Analýza kvantifikácie vplyvu počtu členov domácnosti a jej štruktúry na ekonomiku jej hospodárenia. Porovnanie niekoľkých alternatívnych matematických modelov. Voľba optimálneho modelu a jeho podrobný opis. 
610 2 0 |a domácnosti 
610 2 0 |a príjmy rodinné 
610 2 0 |a efektívnosť ekonomická 
610 2 0 |a modely matematické 
610 2 0 |a kvantifikácia 
610 2 0 |a minimum existenčné 
100 1 |a Moravová, J.